[Event "Saint Louis Invitational"]
[Site "Saint Louis USA"]
[Date "2011.03.04"]
[Round "1"]
[White "Brooks, Michael A"]
[Black "Becerra Rivero, Julio"]
[Result "1-0"]
[WhiteElo "2451"]
[BlackElo "2549"]
[PlyCount "63"]
[EventDate "2011.03.04"]

1. e4 c5 2. Nf3 d6 3. d4 cxd4 4. Nxd4 Nf6 5. Nc3 a6 6. f4 e6 7. Be2 Nc6 8. Be3
Be7 9. O-O O-O 10. Kh1 Bd7 11. Qe1 Rc8 12. Rd1 Na5 13. e5 Ne8 14. f5 Bh4 15. g3
Bg5 16. Bxg5 Qxg5 17. fxe6 fxe6 18. Rxf8+ Kxf8 19. Qf2+ Kg8 20. Rf1 Qe7 21. Bg4
h5 22. Nd5 exd5 23. Bxd7 Rc7 24. Be6+ Kh7 25. Qe2 Qg5 26. Bf5+ Kg8 27. Ne6 Qh6
28. Nxc7 Nxc7 29. e6 Nc6 30. e7 Ne5 31. Bd7 h4 32. gxh4 1-0

[Event "Saint Louis Invitational"]
[Site "Saint Louis USA"]
[Date "2011.03.04"]
[Round "1"]
[White "Yang, Darwin"]
[Black "Perelshteyn, Eugene"]
[Result "1-0"]
[WhiteElo "2416"]
[BlackElo "2533"]
[PlyCount "89"]
[EventDate "2011.03.04"]

1. d4 Nf6 2. c4 e6 3. Nc3 Bb4 4. e3 b6 5. Nge2 Bb7 6. a3 Bd6 7. Qc2 O-O 8. Ng3
c5 9. d5 Be5 10. e4 Re8 11. Be2 exd5 12. cxd5 a6 13. O-O d6 14. Kh1 Bc8 15. Be3
Ra7 16. f3 Rae7 17. Qd2 b5 18. Bd3 Qb6 19. Rfe1 Qb7 20. Rab1 g6 21. Bg5 Nbd7
22. Nce2 h6 23. Bxh6 Nh7 24. Be3 Bg7 25. Bf4 Ne5 26. Bc2 Nc4 27. Qc1 Ne5 28. h4
Qb6 29. h5 Qd8 30. Kg1 Rc7 31. Bxe5 Rxe5 32. f4 Re8 33. hxg6 fxg6 34. e5 Nf8
35. e6 Bb7 36. Qd2 c4 37. Ne4 Rce7 38. N2c3 Qb6+ 39. Kh2 a5 40. a4 b4 41. Nb5
b3 42. Bd1 Nxe6 43. Nexd6 Bf6 44. Bg4 Rh7+ 45. Bh3 1-0

[Event "Saint Louis Invitational"]
[Site "Saint Louis USA"]
[Date "2011.03.04"]
[Round "1"]
[White "Kaidanov, Gregory S"]
[Black "Khachiyan, Melikset"]
[Result "1-0"]
[WhiteElo "2569"]
[BlackElo "2511"]
[PlyCount "65"]
[EventDate "2011.03.04"]

1. d4 g6 2. e4 Bg7 3. Nc3 c6 4. f4 d5 5. e5 Nh6 6. Be2 O-O 7. Nf3 Bg4 8. Ng5
Bxe2 9. Nxe2 Na6 10. O-O Nc7 11. Kh1 f6 12. Nf3 Ne6 13. h3 c5 14. c3 cxd4 15.
Nexd4 Nc5 16. e6 Qd6 17. Qe1 f5 18. Qh4 Nxe6 19. Nxe6 Qxe6 20. Re1 Qd7 21. Ng5
e6 22. Be3 Rfe8 23. Bd4 Bf8 24. Re3 a5 25. a4 Ra6 26. Rae1 Bg7 27. R1e2 Rc6 28.
Kh2 Bxd4 29. cxd4 Kg7 30. g4 fxg4 31. hxg4 e5 32. Qxh6+ Kxh6 33. Rh3+ 1-0

[Event "Saint Louis Invitational"]
[Site "Saint Louis USA"]
[Date "2011.03.05"]
[Round "2"]
[White "Perelshteyn, Eugene"]
[Black "Brooks, Michael A"]
[Result "1/2-1/2"]
[WhiteElo "2533"]
[BlackElo "2451"]
[PlyCount "72"]
[EventDate "2011.03.04"]

1. d4 Nf6 2. c4 e6 3. Nf3 Bb4+ 4. Bd2 Bxd2+ 5. Qxd2 O-O 6. Nc3 d6 7. g3 Nbd7 8.
Bg2 e5 9. O-O Re8 10. Rad1 h6 11. dxe5 dxe5 12. Nh4 Qe7 13. Qc2 Nb6 14. b3 e4
15. Bh1 Bh3 16. Rfe1 c6 17. Ng2 Bf5 18. Ne3 Bg6 19. Rd2 h5 20. Red1 Ng4 21. Rd4
Nxe3 22. fxe3 f5 23. Qd2 Bf7 24. Bg2 Qe5 25. Kf2 Re6 26. Rd8+ Rxd8 27. Qxd8+
Re8 28. Qd4 g6 29. h3 c5 30. Qxe5 Rxe5 31. g4 h4 32. gxf5 gxf5 33. Nb5 Nc8 34.
Rd7 Re7 35. Rd8+ Re8 36. Rd7 Re7 1/2-1/2

[Event "Saint Louis Invitational"]
[Site "Saint Louis USA"]
[Date "2011.03.05"]
[Round "2"]
[White "Becerra Rivero, Julio"]
[Black "Kaidanov, Gregory S"]
[Result "1/2-1/2"]
[WhiteElo "2549"]
[BlackElo "2569"]
[PlyCount "108"]
[EventDate "2011.03.04"]

1. e4 e6 2. d4 d5 3. Nc3 Nf6 4. Bg5 dxe4 5. Nxe4 Nbd7 6. Nf3 h6 7. Nxf6+ Nxf6
8. Bh4 c5 9. dxc5 Bxc5 10. Qxd8+ Kxd8 11. Ne5 Ke7 12. Be2 g5 13. Bg3 Ne4 14.
Bh5 Rf8 15. Bf3 Nxg3 16. hxg3 Bd4 17. Nc4 Bd7 18. Rd1 Bg7 19. c3 Rac8 20. Nd6
Rc7 21. g4 b5 22. a3 Rb8 23. O-O Rb6 24. Ne4 a5 25. Rd2 b4 26. axb4 axb4 27.
Rfd1 Be8 28. c4 Rxc4 29. Nd6 Rc7 30. Nxe8 Kxe8 31. Rd8+ Ke7 32. b3 Be5 33. Be2
Rd6 34. R8xd6 Bxd6 35. Bc4 Ra7 36. g3 Ra2 37. Re1 Bc5 38. Re2 Ra1+ 39. Kg2 Bd4
40. Rd2 e5 41. Kf3 f6 42. Ke4 Bc3 43. Re2 Rd1 44. Ra2 Rd2 45. Ra7+ Rd7 46.
Rxd7+ Kxd7 47. Kd5 Be1 48. f3 Bxg3 49. Bd3 Ke7 50. Bg6 Be1 51. Bd3 Kf7 52. Bf5
Bc3 53. Bd3 Kg7 54. Bf5 Bd4 1/2-1/2

[Event "Saint Louis Invitational"]
[Site "Saint Louis USA"]
[Date "2011.03.05"]
[Round "2"]
[White "Ramirez, Alejandro"]
[Black "Yang, Darwin"]
[Result "1/2-1/2"]
[WhiteElo "2594"]
[BlackElo "2416"]
[PlyCount "59"]
[EventDate "2011.03.04"]

1. d4 d5 2. c4 e6 3. Nf3 Nf6 4. g3 dxc4 5. Bg2 c5 6. O-O Nc6 7. Qa4 Bd7 8. Qxc4
cxd4 9. Nxd4 Rc8 10. Nc3 Nxd4 11. Qxd4 Bc5 12. Qh4 O-O 13. Bg5 h6 14. Bxf6 Qxf6
15. Qxf6 gxf6 16. Rac1 b6 17. Bb7 Rb8 18. Bf3 Rfd8 19. Ne4 Bd4 20. Rc7 f5 21.
Nc3 b5 22. Bc6 Bxc3 23. bxc3 Bxc6 24. Rxc6 Rbc8 25. Rxc8 Rxc8 26. Rb1 a6 27.
Rb3 Kf8 28. Kf1 Ke7 29. Ke1 Kd6 30. Kd2 1/2-1/2

[Event "Saint Louis Invitational"]
[Site "Saint Louis USA"]
[Date "2011.03.05"]
[Round "3"]
[White "Kaidanov, Gregory S"]
[Black "Perelshteyn, Eugene"]
[Result "1-0"]
[WhiteElo "2569"]
[BlackElo "2533"]
[PlyCount "119"]
[EventDate "2011.03.04"]

1. d4 Nf6 2. c4 e6 3. Nc3 Bb4 4. e3 b6 5. Nge2 Ba6 6. Ng3 Bxc3+ 7. bxc3 d5 8.
Ba3 Bxc4 9. Bxc4 dxc4 10. O-O Qd7 11. e4 Qb5 12. e5 Nd5 13. Qg4 g6 14. Ne4 Qa4
15. Bc1 Nc6 16. Bg5 Nce7 17. Nf6+ Nxf6 18. Bxf6 Rf8 19. Bxe7 Kxe7 20. Qh4+ Kd7
21. Qxh7 Qc2 22. Qh3 Qf5 23. Qe3 Rh8 24. f4 Rag8 25. h3 Rh7 26. Rf3 g5 27. fxg5
Qxg5 28. Qf2 Ke8 29. Kh2 Rhg7 30. Rg1 Qg6 31. g4 Qe4 32. Rf4 Qd5 33. Rg3 Rh8
34. g5 Rhg8 35. h4 Rh8 36. Rfg4 Rg6 37. Rf3 Rg7 38. Rh3 Rgh7 39. Qf6 Kd7 40. h5
Kc6 41. h6 b5 42. Qf3 a5 43. a3 Qxf3 44. Rxf3 Kd7 45. Kg3 Ke7 46. Kf2 c6 47.
Ke3 Rg8 48. Rf6 Rhh8 49. Kf4 Rh7 50. Rg3 Rhh8 51. Kg4 Rh7 52. Kh5 Rgh8 53. Rgf3
Ke8 54. Kg4 Ke7 55. Rh3 Rg8 56. g6 fxg6 57. Kg5 Rhh8 58. Rhf3 Rf8 59. Rxf8 Rxf8
60. h7 1-0

[Event "Saint Louis Invitational"]
[Site "Saint Louis USA"]
[Date "2011.03.05"]
[Round "3"]
[White "Brooks, Michael A"]
[Black "Ramirez, Alejandro"]
[Result "1/2-1/2"]
[WhiteElo "2451"]
[BlackElo "2594"]
[PlyCount "75"]
[EventDate "2011.03.04"]

1. e4 e6 2. d4 d5 3. Nc3 Bb4 4. e5 c5 5. a3 Bxc3+ 6. bxc3 Ne7 7. a4 Qc7 8. Nf3
b6 9. a5 bxa5 10. Bd3 Nbc6 11. Ba3 c4 12. Be2 O-O 13. O-O f6 14. Qd2 Rf7 15.
exf6 gxf6 16. Nh4 Ng6 17. g3 Rg7 18. Ng2 Nce7 19. Rae1 Bd7 20. Bg4 f5 21. Bh5
Nc8 22. Bxg6 hxg6 23. Nf4 Nd6 24. Nxe6 Bxe6 25. Rxe6 Ne4 26. Qe3 Qd7 27. Re5
Qa4 28. Bc1 Qxc2 29. f3 Nxc3 30. Bd2 Nd1 31. Re8+ Rxe8 32. Qxe8+ Kh7 33. Bh6
Kxh6 34. Qh8+ Rh7 35. Qf8+ Rg7 36. Qh8+ Rh7 37. Qf8+ Kh5 38. Qd8 1/2-1/2

[Event "Saint Louis Invitational"]
[Site "Saint Louis USA"]
[Date "2011.03.05"]
[Round "3"]
[White "Yang, Darwin"]
[Black "Robson, Ray"]
[Result "0-1"]
[WhiteElo "2416"]
[BlackElo "2522"]
[PlyCount "72"]
[EventDate "2011.03.04"]

1. d4 Nf6 2. c4 e6 3. Nc3 Bb4 4. e3 b6 5. Nge2 c5 6. a3 Ba5 7. Rb1 Na6 8. Bd2
O-O 9. Ng3 Bb7 10. f3 d5 11. cxd5 cxd4 12. exd4 Bxc3 13. bxc3 Qxd5 14. Be2 Nb8
15. O-O Nc6 16. Rb5 Qd6 17. Ne4 Nxe4 18. fxe4 Rad8 19. Qc1 e5 20. Rd5 Qg6 21.
Bc4 Qxe4 22. Re1 Qg6 23. Bg5 Rxd5 24. Bxd5 h6 25. Bh4 Qd6 26. Bxc6 Qxc6 27. Qd2
exd4 28. cxd4 Rc8 29. h3 Qg6 30. Re2 Qb1+ 31. Kh2 Rc1 32. Be1 Rd1 33. Qc3 Kh7
34. Qg3 Qf5 35. Re5 Qf1 36. Qf2 Rxe1 0-1

[Event "Saint Louis Invitational"]
[Site "Saint Louis USA"]
[Date "2011.03.05"]
[Round "3"]
[White "Kraai, Jesse"]
[Black "Khachiyan, Melikset"]
[Result "1-0"]
[WhiteElo "2509"]
[BlackElo "2511"]
[PlyCount "82"]
[EventDate "2011.03.04"]

1. Nf3 g6 2. e4 c5 3. d4 cxd4 4. Nxd4 Nf6 5. Nc3 d6 6. Be3 Bg7 7. f3 Nc6 8. Qd2
O-O 9. O-O-O Nxd4 10. Bxd4 Be6 11. Kb1 Qc7 12. g4 Rfc8 13. h4 Qa5 14. Qg5 Qxg5
15. hxg5 Nd7 16. Be2 Bxd4 17. Rxd4 f6 18. gxf6 Nxf6 19. Nd5 Bxd5 20. exd5 Rc5
21. c4 Kg7 22. f4 h6 23. g5 hxg5 24. fxg5 Nh7 25. Re4 e5 26. b4 Rc7 27. c5 Rd8
28. cxd6 Rxd6 29. Rxe5 Rf7 30. Rf1 Nf8 31. Rxf7+ Kxf7 32. Bc4 Nd7 33. Re6 Rb6
34. a3 Nf8 35. Re5 Rd6 36. Kc2 Nh7 37. Kc3 b6 38. Kd4 Kf8 39. Bb5 Rd8 40. Bc6
Kf7 41. Kc4 Nf8 1-0

[Event "Saint Louis Invitational"]
[Site "Saint Louis USA"]
[Date "2011.03.06"]
[Round "4"]
[White "Yang, Darwin"]
[Black "Brooks, Michael A"]
[Result "1/2-1/2"]
[WhiteElo "2416"]
[BlackElo "2451"]
[PlyCount "73"]
[EventDate "2011.03.04"]

1. d4 Nf6 2. c4 e6 3. Nc3 Bb4 4. e3 c5 5. Nge2 d5 6. a3 Bxc3+ 7. Nxc3 cxd4 8.
exd4 dxc4 9. Bxc4 Nc6 10. Be3 O-O 11. O-O b6 12. Qf3 Bb7 13. Bd3 Qd7 14. Qh3
Ne7 15. Bg5 Ng6 16. Bxf6 gxf6 17. d5 Bxd5 18. Rad1 Rad8 19. Be4 Kg7 20. Bxd5
exd5 21. Qxd7 Rxd7 22. Nxd5 Rfd8 23. Ne3 Ne5 24. Rxd7 Rxd7 25. Rd1 Rxd1+ 26.
Nxd1 f5 27. f4 Ng6 28. g3 Kf6 29. Kf2 Ne7 30. Ne3 Ke6 31. Ke2 Nd5 32. Nc2 Ne7
33. Kd3 Kd5 34. Nd4 a6 35. Nf3 f6 36. Nd4 Kd6 37. b3 1/2-1/2

[Event "Saint Louis Invitational"]
[Site "Saint Louis USA"]
[Date "2011.03.06"]
[Round "4"]
[White "Ramirez, Alejandro"]
[Black "Kaidanov, Gregory S"]
[Result "1-0"]
[WhiteElo "2594"]
[BlackElo "2569"]
[PlyCount "65"]
[EventDate "2011.03.04"]

1. c4 e6 2. Nf3 d5 3. b3 Nf6 4. g3 c5 5. Bg2 Nc6 6. O-O d4 7. e3 Be7 8. exd4
cxd4 9. d3 O-O 10. Na3 e5 11. Nc2 Bf5 12. Re1 Qc7 13. b4 e4 14. Bf4 Qd8 15.
dxe4 Bxe4 16. b5 Na5 17. Nfxd4 Bxg2 18. Kxg2 Nxc4 19. Qf3 Bd6 20. Nf5 Bxf4 21.
Qxf4 Qd5+ 22. Kg1 Rae8 23. Ne7+ Rxe7 24. Rxe7 Qxb5 25. Nd4 Qb2 26. Ree1 Nd5 27.
Qg4 Nd2 28. Nf5 g6 29. Rad1 Qc3 30. Re2 Nf6 31. Ne7+ Kg7 32. Qf4 Nc4 33. Rc1
1-0

[Event "Saint Louis Invitational"]
[Site "Saint Louis USA"]
[Date "2011.03.06"]
[Round "4"]
[White "Becerra Rivero, Julio"]
[Black "Kraai, Jesse"]
[Result "1-0"]
[WhiteElo "2549"]
[BlackElo "2509"]
[PlyCount "107"]
[EventDate "2011.03.04"]

1. e4 c5 2. Nf3 Nc6 3. Bb5 g6 4. O-O Bg7 5. Re1 Nf6 6. e5 Nd5 7. Nc3 Nc7 8.
Bxc6 dxc6 9. Ne4 Ne6 10. d3 b6 11. Be3 O-O 12. Qd2 Nd4 13. Nxd4 cxd4 14. Bh6
Bf5 15. Ng3 Qd7 16. a4 Rfe8 17. Bxg7 Kxg7 18. a5 c5 19. Qf4 Be6 20. Reb1 Rac8
21. axb6 axb6 22. h4 Ra8 23. h5 Bd5 24. h6+ Kg8 25. b4 Qc7 26. bxc5 bxc5 27.
Qg5 Rxa1 28. Rxa1 Ra8 29. Rb1 Kf8 30. Ne2 Ba2 31. Ra1 Bd5 32. Rc1 Qb6 33. Nf4
Be6 34. c3 Qb2 35. Nxe6+ fxe6 36. cxd4 Ra1 37. Qf4+ Ke8 38. Rxa1 Qxa1+ 39. Kh2
cxd4 40. Kg3 Qh1 41. Qg4 Qxh6 42. Qxe6 Qg5+ 43. Kf3 Kf8 44. g3 Qd2 45. Qc4 Qd1+
46. Kg2 Qg4 47. Qd5 Kg7 48. f3 Qc8 49. Qxd4 Qc2+ 50. Kh3 Kf7 51. Qc4+ Qxc4 52.
dxc4 Ke6 53. f4 Kf5 54. c5 1-0

[Event "Saint Louis Invitational"]
[Site "Saint Louis USA"]
[Date "2011.03.06"]
[Round "5"]
[White "Brooks, Michael A"]
[Black "Robson, Ray"]
[Result "1/2-1/2"]
[WhiteElo "2451"]
[BlackElo "2522"]
[PlyCount "89"]
[EventDate "2011.03.04"]

1. e4 c5 2. Nf3 d6 3. d4 cxd4 4. Nxd4 Nf6 5. Nc3 g6 6. Be2 Bg7 7. O-O O-O 8.
Bg5 Nc6 9. Nb3 Be6 10. Kh1 Rc8 11. f4 Na5 12. f5 Bc4 13. Bd3 b5 14. Qd2 b4 15.
Ne2 Bxd3 16. cxd3 Nc6 17. Nf4 a5 18. a4 Ne5 19. Qe2 Ned7 20. fxg6 hxg6 21. d4
Nh7 22. Bh4 Ndf6 23. Bxf6 Nxf6 24. Rae1 Qd7 25. e5 dxe5 26. dxe5 Nd5 27. e6 Qd6
28. exf7+ Rxf7 29. Ne6 Rxf1+ 30. Rxf1 Qe5 31. Qa6 Rc2 32. Nbd4 Rxg2 33. Qc8+
Kh7 34. Nf3 Qf5 35. Kxg2 Ne3+ 36. Kf2 Nxf1 37. Neg5+ Kh6 38. Qg8 Bd4+ 39. Kxf1
Qd3+ 40. Kg2 Qe2+ 41. Kh3 Qf1+ 42. Kg3 Qf2+ 43. Kh3 Qf1+ 44. Kh4 Qf2+ 45. Kh3
1/2-1/2

[Event "Saint Louis Invitational"]
[Site "Saint Louis USA"]
[Date "2011.03.06"]
[Round "5"]
[White "Kaidanov, Gregory S"]
[Black "Yang, Darwin"]
[Result "1-0"]
[WhiteElo "2569"]
[BlackElo "2416"]
[PlyCount "59"]
[EventDate "2011.03.04"]

1. c4 e6 2. Nf3 d5 3. d4 Nf6 4. g3 dxc4 5. Bg2 c5 6. O-O Nc6 7. Qa4 Bd7 8. Qxc4
cxd4 9. Nxd4 Rc8 10. Nc3 Nxd4 11. Qxd4 Bc5 12. Qh4 O-O 13. Bxb7 Rb8 14. Bf3 Rb4
15. Qg5 Bd4 16. Qd2 Qc7 17. Nd1 Rfb8 18. a3 Ra4 19. Ne3 e5 20. Qc2 Qa5 21. b4
Raxb4 22. Bd2 Bxa1 23. Bxb4 Qa6 24. Nd5 Nxd5 25. Bxd5 Bd4 26. e3 Bb6 27. Qb3
Be8 28. Qc3 Rd8 29. Qxe5 Qb5 30. Bc3 1-0

[Event "Saint Louis Invitational"]
[Site "Saint Louis USA"]
[Date "2011.03.06"]
[Round "5"]
[White "Khachiyan, Melikset"]
[Black "Becerra Rivero, Julio"]
[Result "1/2-1/2"]
[WhiteElo "2511"]
[BlackElo "2549"]
[PlyCount "60"]
[EventDate "2011.03.04"]

1. e4 e5 2. Nf3 Nc6 3. Bb5 a6 4. Bxc6 dxc6 5. Nc3 f6 6. d4 exd4 7. Nxd4 c5 8.
Nde2 Qxd1+ 9. Nxd1 Bd7 10. Bf4 O-O-O 11. Ne3 Re8 12. Nc3 Be7 13. O-O-O Bd8 14.
h4 Ne7 15. f3 b6 16. Ncd5 Nxd5 17. Nxd5 f5 18. e5 c6 19. Ne3 Be6 20. Bg3 Be7
21. f4 Rd8 22. Bf2 Rd4 23. g3 h5 24. b3 Rhd8 25. c3 R4d7 26. Rxd7 Rxd7 27. Rd1
g6 28. Rxd7 Kxd7 29. c4 a5 30. Kd2 Bd8 1/2-1/2

[Event "Saint Louis Invitational"]
[Site "Saint Louis USA"]
[Date "2011.03.07"]
[Round "6"]
[White "Brooks, Michael A"]
[Black "Kaidanov, Gregory S"]
[Result "0-1"]
[WhiteElo "2451"]
[BlackElo "2569"]
[PlyCount "68"]
[EventDate "2011.03.04"]

1. e4 e5 2. Nf3 Nc6 3. Bb5 a6 4. Bxc6 dxc6 5. O-O Qd6 6. d3 Ne7 7. Nbd2 Ng6 8.
Nc4 Qe6 9. Ng5 Qf6 10. d4 Be7 11. Nxe5 Nxe5 12. f4 Nc4 13. b3 Bg4 14. Qd3 Be2
15. Qxe2 Qxd4+ 16. Kh1 Qxa1 17. Qxc4 Bxg5 18. fxg5 O-O-O 19. c3 Qxa2 20. Bf4
Rd7 21. h3 Qa5 22. Qe2 Qxc3 23. Rf3 Qd4 24. Kh2 Re8 25. e5 Kb8 26. Bg3 a5 27.
Qe1 b6 28. Qf1 Qd5 29. Rf5 Qxb3 30. e6 fxe6 31. Rf7 Red8 32. Rxd7 Rxd7 33. Qf8+
Kb7 34. Qg8 g6 0-1

[Event "Saint Louis Invitational"]
[Site "Saint Louis USA"]
[Date "2011.03.07"]
[Round "6"]
[White "Perelshteyn, Eugene"]
[Black "Khachiyan, Melikset"]
[Result "1-0"]
[WhiteElo "2533"]
[BlackElo "2511"]
[PlyCount "79"]
[EventDate "2011.03.04"]

1. d4 Nf6 2. c4 g6 3. Nc3 d5 4. cxd5 Nxd5 5. Bd2 Bg7 6. e4 Nb6 7. Be3 O-O 8. h3
f5 9. exf5 Bxf5 10. Nf3 Be6 11. Ng5 Bd5 12. Nxd5 Qxd5 13. Qb3 Qxb3 14. axb3 Nc6
15. Rd1 Nb4 16. Bc4+ Nxc4 17. bxc4 Nc2+ 18. Ke2 c5 19. Ne6 Nxd4+ 20. Bxd4 Bxd4
21. Nxf8 Kxf8 22. Rd2 a5 23. Ra1 e5 24. Ra3 b6 25. Rb3 Ra6 26. Rdd3 Ke7 27. Rb5
Kd6 28. Rf3 e4 29. Rf7 a4 30. Rxh7 a3 31. bxa3 Rxa3 32. Rxb6+ Ke5 33. Re7+ Kf5
34. Rf7+ Ke5 35. g3 Ra2+ 36. Kf1 Ra1+ 37. Kg2 Ra2 38. Rff6 Bc3 39. Rfd6 Kf5 40.
Rd5+ 1-0

[Event "Saint Louis Invitational"]
[Site "Saint Louis USA"]
[Date "2011.03.07"]
[Round "6"]
[White "Ramirez, Alejandro"]
[Black "Kraai, Jesse"]
[Result "1/2-1/2"]
[WhiteElo "2594"]
[BlackElo "2509"]
[PlyCount "63"]
[EventDate "2011.03.04"]

1. d4 Nf6 2. c4 e6 3. g3 d5 4. Nf3 Bb4+ 5. Bd2 Be7 6. Bg2 O-O 7. O-O c6 8. Bf4
Nbd7 9. Nc3 dxc4 10. e4 b5 11. Qc2 Bb7 12. Rfd1 Re8 13. h4 Qb6 14. Ne5 Rad8 15.
Nxd7 Rxd7 16. e5 Nd5 17. Bg5 Bf8 18. Ne4 c5 19. dxc5 Bxc5 20. Nxc5 Qxc5 21. Qe2
Qc7 22. Rd4 Ne7 23. Rxd7 Qxd7 24. Rd1 Qc7 25. Bxb7 Qxb7 26. Bxe7 Qxe7 27. Rd6
Qc7 28. Qd2 Qc5 29. Rd8 Rf8 30. Qd7 b4 31. Rxf8+ Qxf8 32. Qc6 1/2-1/2

[Event "Saint Louis Invitational"]
[Site "Saint Louis USA"]
[Date "2011.03.07"]
[Round "7"]
[White "Khachiyan, Melikset"]
[Black "Ramirez, Alejandro"]
[Result "1/2-1/2"]
[WhiteElo "2511"]
[BlackElo "2594"]
[PlyCount "60"]
[EventDate "2011.03.04"]

1. e4 e6 2. d4 d5 3. Nc3 Bb4 4. e5 c5 5. a3 Bxc3+ 6. bxc3 Ne7 7. Qg4 O-O 8. Bd3
Nbc6 9. Qh5 Ng6 10. Nf3 Qc7 11. Be3 Nce7 12. dxc5 b6 13. O-O bxc5 14. Rfe1 Rb8
15. Bg5 c4 16. Bxe7 Qxe7 17. Bxg6 fxg6 18. Qg4 Bd7 19. Nd4 g5 20. g3 Rb6 21.
Kg2 h6 22. Rh1 Be8 23. h4 gxh4 24. Qxh4 Qxh4 25. Rxh4 Bg6 26. Rhh1 Rfb8 27. f3
Kf7 28. Rhc1 Rb2 29. Kf1 Bh7 30. Ke2 h5 1/2-1/2

[Event "Saint Louis Invitational"]
[Site "Saint Louis USA"]
[Date "2011.03.07"]
[Round "7"]
[White "Becerra Rivero, Julio"]
[Black "Perelshteyn, Eugene"]
[Result "1/2-1/2"]
[WhiteElo "2549"]
[BlackElo "2533"]
[PlyCount "105"]
[EventDate "2011.03.04"]

1. e4 c5 2. Nf3 g6 3. c3 d5 4. Qa4+ Bd7 5. Qb3 c4 6. Qc2 e6 7. exd5 exd5 8. d3
cxd3 9. Qxd3 Nf6 10. Bg5 Bg7 11. Qe3+ Be6 12. Bb5+ Nbd7 13. Nd4 Qe7 14. O-O O-O
15. Nd2 a6 16. Bxd7 Qxd7 17. f3 Rfe8 18. Bh6 Bh8 19. N2b3 Qc7 20. Rfe1 Bd7 21.
Qf2 Nh5 22. Rxe8+ Rxe8 23. Re1 Be5 24. g3 f6 25. Bd2 Kf7 26. f4 Bd6 27. Qf3
Rxe1+ 28. Bxe1 Bc6 29. Bf2 Ng7 30. Nxc6 bxc6 31. Qe2 Qc8 32. Bc5 Nf5 33. Bxd6
Nxd6 34. Nc5 a5 35. g4 Ne4 36. Nxe4 dxe4 37. Kf2 Qe6 38. c4 f5 39. gxf5 gxf5
40. Qh5+ Qg6 41. Qd1 Ke7 42. Qd4 Qf6 43. Qc5+ Kf7 44. Ke3 Kg6 45. a4 Qxb2 46.
Qxc6+ Qf6 47. Qe8+ Kh6 48. Qe5 Qb6+ 49. c5 Qb3+ 50. Kf2 Qf3+ 51. Kg1 Qd1+ 52.
Kf2 Qf3+ 53. Kg1 1/2-1/2

[Event "Saint Louis Invitational"]
[Site "Saint Louis USA"]
[Date "2011.03.07"]
[Round "7"]
[White "Kraai, Jesse"]
[Black "Yang, Darwin"]
[Result "1/2-1/2"]
[WhiteElo "2509"]
[BlackElo "2416"]
[PlyCount "57"]
[EventDate "2011.03.04"]

1. e4 e6 2. d4 d5 3. Nd2 dxe4 4. Nxe4 Nd7 5. Nf3 Ngf6 6. Nxf6+ Nxf6 7. Bd3 c5
8. Be3 Qc7 9. Qe2 Be7 10. dxc5 Bxc5 11. Bg5 Bb4+ 12. Nd2 Bd7 13. Bxf6 gxf6 14.
O-O-O O-O-O 15. Be4 a6 16. Nb3 f5 17. Bf3 Qf4+ 18. Kb1 Bb5 19. c4 Ba4 20. g3
Qc7 21. Qe3 Kb8 22. c5 Bxb3 23. Qxb3 Bxc5 24. Rc1 b6 25. Rc4 Rd4 26. Rxd4 Bxd4
27. Rc1 Qd7 28. Qd3 Rc8 29. Rxc8+ 1/2-1/2

[Event "Saint Louis Invitational"]
[Site "Saint Louis USA"]
[Date "2011.03.08"]
[Round "8"]
[White "Brooks, Michael A"]
[Black "Kraai, Jesse"]
[Result "0-1"]
[WhiteElo "2451"]
[BlackElo "2509"]
[PlyCount "78"]
[EventDate "2011.03.04"]

1. e4 e6 2. d4 d5 3. e5 c5 4. c3 Nc6 5. Nf3 Qb6 6. Bd3 cxd4 7. cxd4 Bd7 8. O-O
Nxd4 9. Nxd4 Qxd4 10. Nc3 a6 11. Re1 Ne7 12. Be3 Qxe5 13. Rc1 Bc6 14. Bb1 Ng6
15. g3 Qd6 16. h4 d4 17. Qxd4 Ne5 18. Qxd6 Bxd6 19. Red1 O-O-O 20. Be4 Bc7 21.
Bxc6 Nxc6 22. Ne4 Rxd1+ 23. Rxd1 Rd8 24. Rxd8+ Nxd8 25. Bc5 Kd7 26. f4 Kc6 27.
Be7 h6 28. Kf2 f5 29. Nc3 g6 30. Kf3 h5 31. b3 Nf7 32. Ne2 Kd5 33. Ke3 Bb6+ 34.
Kf3 Ba5 35. Ke3 Be1 36. Kd3 Nh6 37. a4 Ng4 38. Bd8 Nf2+ 39. Ke3 Ne4 0-1

[Event "Saint Louis Invitational"]
[Site "Saint Louis USA"]
[Date "2011.03.08"]
[Round "9"]
[White "Becerra Rivero, Julio"]
[Black "Yang, Darwin"]
[Result "1/2-1/2"]
[WhiteElo "2549"]
[BlackElo "2416"]
[PlyCount "73"]
[EventDate "2011.03.04"]

1. e4 e6 2. d4 d5 3. Nc3 Nf6 4. e5 Nfd7 5. f4 c5 6. Nf3 Nc6 7. Be3 a6 8. Qd2
Be7 9. dxc5 Nxc5 10. Bd3 b5 11. Qf2 Nxd3+ 12. cxd3 O-O 13. Bc5 f6 14. Bxe7 Qxe7
15. d4 fxe5 16. fxe5 Bd7 17. O-O Be8 18. Rac1 Rc8 19. Qd2 Bh5 20. Ne2 Bxf3 21.
Rxf3 Rxf3 22. gxf3 Qd7 23. Rc3 Ne7 24. Rxc8+ Qxc8 25. Qc1 Qxc1+ 26. Nxc1 Nc6
27. Nb3 a5 28. Kf2 a4 29. Nc5 Nxd4 30. Ke3 Nc6 31. Nxe6 Nxe5 32. Nc7 b4 33.
Nxd5 b3 34. axb3 axb3 35. Nb6 Kf7 36. Na4 Ke6 37. Nc5+ 1/2-1/2

[Event "Saint Louis Invitational"]
[Site "Saint Louis USA"]
[Date "2011.03.08"]
[Round "9"]
[White "Perelshteyn, Eugene"]
[Black "Ramirez, Alejandro"]
[Result "1/2-1/2"]
[WhiteElo "2533"]
[BlackElo "2594"]
[PlyCount "104"]
[EventDate "2011.03.04"]

1. d4 d5 2. c4 c6 3. cxd5 cxd5 4. Nc3 Nf6 5. Bg5 Ne4 6. Nxe4 dxe4 7. a3 Qd5 8.
Bh4 Nc6 9. e3 e5 10. Ne2 exd4 11. Nc3 Qa5 12. exd4 g5 13. Bg3 Bg7 14. Bc4 O-O
15. O-O Bf5 16. Bd6 Rfc8 17. Qb3 Bg6 18. Qxb7 Qd8 19. Bc5 Nxd4 20. b4 Rc7 21.
Qa6 Nf3+ 22. gxf3 Bxc3 23. Rad1 Rd7 24. Be2 Rxd1 25. Rxd1 Qf6 26. Qxf6 Bxf6 27.
Rd7 Bh5 28. Kg2 a6 29. Bd1 Bxf3+ 30. Bxf3 exf3+ 31. Kxf3 h5 32. h3 Kg7 33. Rd6
Be5 34. Rc6 f5 35. Re6 g4+ 36. Kg2 Bf6 37. f3 Kf7 38. Rc6 Be5 39. hxg4 hxg4 40.
fxg4 fxg4 41. Kf2 a5 42. b5 Rd8 43. Ke3 Re8 44. Kd3 g3 45. b6 g2 46. b7 Rb8 47.
Rb6 Bh2 48. Rb1 Ke6 49. Bg1 Bxg1 50. Rxg1 Rxb7 51. Rxg2 Rb3+ 52. Kc4 Rxa3
1/2-1/2